AH International Schools' Libraries

Me! : (Record no. 34887)

MARC details
000 -LEADER
fixed length control field 01349cam a22003857a 4500
001 - CONTROL NUMBER
control field 16983174
005 - DATE AND TIME OF LATEST TRANSACTION
control field 20161017111048.0
008 - FIXED-LENGTH DATA ELEMENTS--GENERAL INFORMATION
fixed length control field 110929s2011 nyua c 000 1 eng d
010 ## - LIBRARY OF CONGRESS CONTROL NUMBER
LC control number 2011283484
020 ## - INTERNATIONAL STANDARD BOOK NUMBER
International Standard Book Number 9780545116169 (pbk.)
020 ## - INTERNATIONAL STANDARD BOOK NUMBER
International Standard Book Number 0545116163 (pbk.)
035 ## - SYSTEM CONTROL NUMBER
System control number (OCoLC)ocn721422134
040 ## - CATALOGING SOURCE
Original cataloging agency UPZ
Language of cataloging eng
Transcribing agency UPZ
Modifying agency BTCTA
-- OCLCQ
-- WIM
-- EHH
-- PNX
-- FMG
-- OCLCQ
-- IUI
-- BDX
-- LF3
-- IGP
-- DLC
042 ## - AUTHENTICATION CODE
Authentication code lccopycat
050 00 - LIBRARY OF CONGRESS CALL NUMBER
Classification number PZ7.B447547
Item number Me 2011
082 00 - DEWEY DECIMAL CLASSIFICATION NUMBER
Classification number [Fic]
Edition number 23
100 1# - MAIN ENTRY--PERSONAL NAME
Personal name Kelly, Jamie.
245 10 - TITLE STATEMENT
Title Me! :
Remainder of title (Just like you, only better) /
Statement of responsibility, etc by Jamie Kelly [i.e. Jim Benton].
260 ## - PUBLICATION, DISTRIBUTION, ETC. (IMPRINT)
Place of publication, distribution, etc New York :
Name of publisher, distributor, etc Scholastic,
Date of publication, distribution, etc c2011.
300 ## - PHYSICAL DESCRIPTION
Extent 149 p. :
Other physical details ill. ;
Dimensions 19 cm.
490 1# - SERIES STATEMENT
Series statement Dear dumb diary ;
Volume number/sequential designation #12
500 ## - GENERAL NOTE
General note "Jim Benton's tales from Mackerel Middle School."
520 ## - SUMMARY, ETC.
Summary, etc Jamie Kelly is back with an all-new diary involving Angeline, her "flawless" friend.
521 0# - TARGET AUDIENCE NOTE
Target audience note RL5.
521 1# - TARGET AUDIENCE NOTE
Target audience note 008 and up.
650 #1 - SUBJECT ADDED ENTRY--TOPICAL TERM
Topical term or geographic name as entry element Friendship
Form subdivision Fiction.
650 #1 - SUBJECT ADDED ENTRY--TOPICAL TERM
Topical term or geographic name as entry element Middle schools
Form subdivision Fiction.
650 #1 - SUBJECT ADDED ENTRY--TOPICAL TERM
Topical term or geographic name as entry element Schools
Form subdivision Fiction.
650 #1 - SUBJECT ADDED ENTRY--TOPICAL TERM
Topical term or geographic name as entry element Diaries
Form subdivision Fiction.
650 #1 - SUBJECT ADDED ENTRY--TOPICAL TERM
Topical term or geographic name as entry element Humorous stories.
800 1# - SERIES ADDED ENTRY--PERSONAL NAME
Personal name Benton, Jim.
Title of a work Dear dumb diary ;
Volume/sequential designation #12.
906 ## - LOCAL DATA ELEMENT F, LDF (RLIN)
a 7
b cbc
c copycat
d 2
e ncip
f 20
g y-gencatlg
942 ## - ADDED ENTRY ELEMENTS (KOHA)
Source of classification or shelving scheme
Koha item type Book
Holdings
Withdrawn status Lost status Source of classification or shelving scheme Damaged status Not for loan Home library Current library Shelving location Date acquired Total Checkouts Full call number Barcode Checked out Date last seen Date checked out Price effective from Koha item type
          Asian Hope Primary Library Asian Hope Primary Library Junior Fiction 08/23/2016 19 J FIC KEL 210015 04/30/2026 04/23/2026 04/23/2026 08/23/2016 Book

For any Logos Library related questions please contact Miss Art at swongnarasuk@asianhope.org.

For any Asian Hope Library related questions please contact Miss Raza at graza@asianhope.org.

Powered by Koha